| 000 | 00649nam a2200217Ia 4500 | ||
|---|---|---|---|
| 005 | 20241129104134.0 | ||
| 008 | 241129s9999||||xx |||||||||||||| ||und|| | ||
| 020 | _a9780295750439 | ||
| 037 | _aTextual | ||
| 040 |
_aRTL _beng _cRTL |
||
| 041 |
_aeng _2eng |
||
| 084 |
_aX9(D2).2.P R2 _qRTL |
||
| 100 | _aFernandes Leela | ||
| 245 | 0 |
_aGoverning water in India: Inequality reform and the state _cFernandes Leela |
|
| 260 |
_aSeattle _bUniversity of Washington Press _c2022 |
||
| 300 | _axi,282p. | ||
| 365 |
_aINR _b2089.18 |
||
| 650 |
_aWater Governance _9724952 |
||
| 942 |
_cTB _hX9(D2).2.P R2 |
||
| 999 |
_c1224589 _d1224589 |
||